Statistiques concernant Les Comores pour les touristes... - Facile

Cliquez ici pour prendre le quiz!

Statistiques générales

  • Ce quiz a été pris 36 fois
  • Le résultat moyen est 11 sur 20

Statistiques - réponses

QuestionIndiceRéponsesIndice facile% Correct
Quelles sont les langues officielles ?ArabeA
100%
Code sur les plaques minéralogiquesCOM
96%
Quelles sont les langues officielles ?ComorienC
96%
Quelles sont les langues officielles ?Français
96%
Ce pays est plus grand que la France (oui/non)Non
83%
Le principal aéroport estMMoroni
75%
Quel pays a accordé son indépendance à celui-ci ?France
71%
La religion majoritaire estIslamI
71%
Dans la capitale quel est le décalage horaire avec Paris ? (+ ou - et chiffre) ex - 10+ 1
67%
Quels est le climat local ?TTropical
67%
Quelle est la monnaie ?Franc comorienF
63%
Quelles sont les principaux lieux touristiques ?KMont {Karthala}HAKARLAT
42%
Quel est le régime du pays ?République
42%
Quelles sont les principaux lieux touristiques ?BPlage de {Bouni}NOUBI
33%
Achats à faire2/ Pour jouer ou décorerPoupéePEPEOU
33%
Le suffixe internet estkm
29%
Quelles sont les principaux lieux touristiques ?NMusée {national}LAITONNA
29%
Achats à faire3/ Bonnets appelésCofiatsCOATISF
25%
Achats à faire4/ Poterie deFoumbouniBOUIFMNOU
21%
Achats à faire1/ Jeu deMrahaHARAM
8%

Distribution des résultats

Percentile par nombre de réponses

% des personnes avec chaque résultat

Votre développement - résultats

Vous n’avez pas pris ce quiz